000 01036 a2200337 4500
999 _c23775
_d10346
001 23775
003 TR-AnTOB
005 20240919155231.0
008 050515s2003 tu 00110 tur
020 _a9759246708
040 _aTR-AnTOB
_cTR-AnTOB
041 _atur
050 0 _aDS54.95.N67
_bG53 2003
090 _aDS54.95.N67 G53 2003
100 _aGibbons, Harry Scott
_917504
245 0 _aKıbrıs'ta soykırım /
_cHarry Scott Gibbons.
264 1 _aAnkara :
_bNear East Publishing,
_c2003
300 _a410 s. :
_bfoto.
500 _aDizin
650 _aGenocide
_zCyprus
_917505
650 0 _aTurks
_zCyprus
_962613
650 _aSoykırım
_zKıbrıs
_917508
650 _aTürkler
_zKıbrıs
_917509
651 7 _aKıbrıs
_xTarih
_yKıbrıs Krizi, 1974-
_2etuturkob
_961711
651 0 _aCyprus
_xHistory
_yCyprus Crisis, 1974-
_944047
651 0 _aCyprus
_xPolitics and government
_y1960-2004
_944048
651 7 _aKıbrıs
_xSiyaset ve yönetim
_y1960-2004
_2etuturkob
_944051
942 _cBK
_2lcc